<?xml version="1.0" encoding="UTF-8"?>
<record
    xmlns:xsi="http://www.w3.org/2001/XMLSchema-instance"
    xsi:schemaLocation="http://www.loc.gov/MARC21/slim http://www.loc.gov/standards/marcxml/schema/MARC21slim.xsd"
    xmlns="http://www.loc.gov/MARC21/slim">

  <leader>03769cam a22005657i 4500</leader>
  <controlfield tag="001">22263836</controlfield>
  <controlfield tag="003">CSPC</controlfield>
  <controlfield tag="005">20250429165726.0</controlfield>
  <controlfield tag="008">211005t20222023moua     b    001 0 eng c</controlfield>
  <datafield tag="010" ind1=" " ind2=" ">
    <subfield code="a">  2021948423</subfield>
  </datafield>
  <datafield tag="020" ind1=" " ind2=" ">
    <subfield code="a">9780323761833</subfield>
    <subfield code="q">(hardcover ;</subfield>
    <subfield code="q">alkaline paper)</subfield>
  </datafield>
  <datafield tag="035" ind1=" " ind2=" ">
    <subfield code="a">(OCoLC)on1310706310</subfield>
  </datafield>
  <datafield tag="040" ind1=" " ind2=" ">
    <subfield code="a">PWT</subfield>
    <subfield code="b">eng</subfield>
    <subfield code="c">PWT</subfield>
    <subfield code="e">rda</subfield>
    <subfield code="d">OCLCO</subfield>
    <subfield code="d">OCLCF</subfield>
    <subfield code="d">DLC</subfield>
    <subfield code="d">CSPC</subfield>
  </datafield>
  <datafield tag="042" ind1=" " ind2=" ">
    <subfield code="a">lccopycat</subfield>
  </datafield>
  <datafield tag="050" ind1="0" ind2="0">
    <subfield code="a">RC76</subfield>
    <subfield code="b">.B35 2023</subfield>
  </datafield>
  <datafield tag="060" ind1="1" ind2="0">
    <subfield code="a">WB 205</subfield>
    <subfield code="b">B187s 2023</subfield>
  </datafield>
  <datafield tag="082" ind1="0" ind2="4">
    <subfield code="a">616.075</subfield>
    <subfield code="b">B210s</subfield>
  </datafield>
  <datafield tag="100" ind1="1" ind2=" ">
    <subfield code="a">Ball, Jane</subfield>
    <subfield code="q">(Jane W.),</subfield>
    <subfield code="e">author.</subfield>
  </datafield>
  <datafield tag="245" ind1="1" ind2="0">
    <subfield code="a">Seidel's guide to physical examination :</subfield>
    <subfield code="b">an interprofessional approach /</subfield>
    <subfield code="c">Jane W. Ball, [and 4 others].</subfield>
  </datafield>
  <datafield tag="246" ind1="3" ind2="0">
    <subfield code="a">Guide to physical examination.</subfield>
  </datafield>
  <datafield tag="250" ind1=" " ind2=" ">
    <subfield code="a">10th edition.</subfield>
  </datafield>
  <datafield tag="264" ind1=" " ind2="1">
    <subfield code="a">St. Louis, Missouri :</subfield>
    <subfield code="b">Elsevier,</subfield>
    <subfield code="c">2023.</subfield>
  </datafield>
  <datafield tag="300" ind1=" " ind2=" ">
    <subfield code="a">xvi, 693 pages :</subfield>
    <subfield code="b">illustrations (chiefly color) ;</subfield>
    <subfield code="c">29 cm.</subfield>
  </datafield>
  <datafield tag="336" ind1=" " ind2=" ">
    <subfield code="a">text</subfield>
    <subfield code="b">txt</subfield>
    <subfield code="2">rdacontent</subfield>
  </datafield>
  <datafield tag="337" ind1=" " ind2=" ">
    <subfield code="a">unmediated</subfield>
    <subfield code="b">n</subfield>
    <subfield code="2">rdamedia</subfield>
  </datafield>
  <datafield tag="338" ind1=" " ind2=" ">
    <subfield code="a">volume</subfield>
    <subfield code="b">nc</subfield>
    <subfield code="2">rdacarrier</subfield>
  </datafield>
  <datafield tag="500" ind1=" " ind2=" ">
    <subfield code="a">Revised edition of: Seidel's guide to physical examination / Jane W. Ball, Joyce E. Dains, John A. Flynn, Barry S. Solomon, Rosalyn W. Stewart. Ninth edition, 2019.</subfield>
  </datafield>
  <datafield tag="504" ind1=" " ind2=" ">
    <subfield code="a">Includes bibliographical references and index.</subfield>
  </datafield>
  <datafield tag="505" ind1="0" ind2=" ">
    <subfield code="a">Cultural competency -- The history and interviewing process -- Examination techniques and equipment -- Taking the next steps: clinical reasoning -- The health record -- Vital signs and pain assessment -- Mental status -- Growth and nutrition -- Skin, hair, and nails -- Lymphatic system -- Head and neck -- Eyes -- Ears, nose, and throat -- Chest and lungs -- Heart -- Blood vessels -- Breasts and axillae -- Abdomen -- Female genitalia -- Male genitalia -- Anus, rectum, and prostate -- Musculoskeletal system -- Neurologic system -- Putting it all together -- Sports participation evaluation -- Emergency or life-threatening situations.</subfield>
  </datafield>
  <datafield tag="520" ind1=" " ind2=" ">
    <subfield code="a">"Seidel's Guide to Physical Examination: An Interprofessional Approach, 10th Edition takes a uniquely interprofessional collaborative approach to health assessment, with a strong emphasis on lifespan considerations and differential diagnosis of unexpected findings. Each core chapter is organized into four sections -- Anatomy and Physiology, Review of Related History, Examination and Findings, and Abnormalities -- with lifespan content integrated into each area. Written by a team of nurse practitioners and physicians, this one-of-a-kind textbook uses evidence-based guidelines to help you master hands-on exam techniques as well as communication skills that build rapport and trust with the patient."--Publisher's description.</subfield>
  </datafield>
  <datafield tag="650" ind1=" " ind2="0">
    <subfield code="a">Physical diagnosis.</subfield>
  </datafield>
  <datafield tag="650" ind1=" " ind2="0">
    <subfield code="a">Medical history taking.</subfield>
  </datafield>
  <datafield tag="650" ind1="1" ind2="2">
    <subfield code="a">Physical examination</subfield>
    <subfield code="x">Methods.</subfield>
  </datafield>
  <datafield tag="650" ind1="2" ind2="2">
    <subfield code="a">Medical history taking</subfield>
    <subfield code="x">Methods.</subfield>
  </datafield>
  <datafield tag="650" ind1=" " ind2="2">
    <subfield code="a">Physical examination.</subfield>
  </datafield>
  <datafield tag="650" ind1=" " ind2="2">
    <subfield code="a">Medical history taking.</subfield>
  </datafield>
  <datafield tag="650" ind1=" " ind2="6">
    <subfield code="a">Diagnostics cliniques.</subfield>
  </datafield>
  <datafield tag="650" ind1=" " ind2="6">
    <subfield code="a">Anamn&#xE8;se.</subfield>
  </datafield>
  <datafield tag="650" ind1=" " ind2="7">
    <subfield code="a">Medical history taking.</subfield>
    <subfield code="2">fast</subfield>
    <subfield code="0">(OCoLC)fst01014164</subfield>
  </datafield>
  <datafield tag="650" ind1=" " ind2="7">
    <subfield code="a">Physical diagnosis.</subfield>
    <subfield code="2">fast</subfield>
    <subfield code="0">(OCoLC)fst01062373</subfield>
  </datafield>
  <datafield tag="700" ind1="1" ind2=" ">
    <subfield code="a">Dains, Joyce E.,</subfield>
    <subfield code="e">author.</subfield>
  </datafield>
  <datafield tag="700" ind1="1" ind2=" ">
    <subfield code="a">Flynn, John A.</subfield>
    <subfield code="c">(Physician),</subfield>
    <subfield code="e">author.</subfield>
  </datafield>
  <datafield tag="700" ind1="1" ind2=" ">
    <subfield code="a">Solomon, Barry S.,</subfield>
    <subfield code="e">author.</subfield>
  </datafield>
  <datafield tag="700" ind1="1" ind2=" ">
    <subfield code="a">Stewart, Rosalyn W.,</subfield>
    <subfield code="e">author.</subfield>
  </datafield>
  <datafield tag="776" ind1="0" ind2="8">
    <subfield code="i">Online version:</subfield>
    <subfield code="a">Ball, Jane (Jane W.).</subfield>
    <subfield code="t">Seidel's guide to physical examination.</subfield>
    <subfield code="b">Tenth edition.</subfield>
    <subfield code="d">St. Louis, Missouri : Mosby, [2023]</subfield>
    <subfield code="z">9780323761833</subfield>
    <subfield code="w">(OCoLC)1300710611</subfield>
  </datafield>
  <datafield tag="906" ind1=" " ind2=" ">
    <subfield code="a">7</subfield>
    <subfield code="b">cbc</subfield>
    <subfield code="c">copycat</subfield>
    <subfield code="d">2</subfield>
    <subfield code="e">epcn</subfield>
    <subfield code="f">20</subfield>
    <subfield code="g">y-gencatlg</subfield>
  </datafield>
  <datafield tag="942" ind1=" " ind2=" ">
    <subfield code="2">ddc</subfield>
    <subfield code="c">BK</subfield>
    <subfield code="h">616.075</subfield>
    <subfield code="i">B210s</subfield>
    <subfield code="k">NUR</subfield>
    <subfield code="m">2023</subfield>
    <subfield code="n">0</subfield>
  </datafield>
  <datafield tag="952" ind1=" " ind2=" ">
    <subfield code="0">0</subfield>
    <subfield code="1">0</subfield>
    <subfield code="2">ddc</subfield>
    <subfield code="4">0</subfield>
    <subfield code="7">0</subfield>
    <subfield code="a">CSPC</subfield>
    <subfield code="b">CSPC</subfield>
    <subfield code="c">NUR</subfield>
    <subfield code="d">2025-04-21</subfield>
    <subfield code="l">0</subfield>
    <subfield code="o">NUR 616.075 B210s 2023</subfield>
    <subfield code="p">029482</subfield>
    <subfield code="r">2025-04-21 15:42:06</subfield>
    <subfield code="t">1-1</subfield>
    <subfield code="w">2025-04-21</subfield>
    <subfield code="y">BK</subfield>
  </datafield>
  <datafield tag="999" ind1=" " ind2=" ">
    <subfield code="c">29448</subfield>
    <subfield code="d">29448</subfield>
  </datafield>
</record>
